| 000 | 00576nam a2200169 i 4500 | ||
|---|---|---|---|
| 001 | 98258 | ||
| 003 | ES-MaACL | ||
| 005 | 20230906182239.0 | ||
| 007 | t| | ||
| 008 | 050727s1970 sp ||||1| spa d | ||
| 100 | 1 |
_aMartelet, Gustave. _977164 |
|
| 245 | 1 | 3 |
_aLa existencia humana y el amor _b: para comprender mejor la encíclica "Humanae Vitae" / _cGustave Martelet; [traducción por Luis Cuéllar]. |
| 260 |
_aBilbao : _bDesclée de Brouwer, _c1970. |
||
| 300 |
_a184 p. ; _c19 cm. |
||
| 700 | 1 |
_aCuèllar i Bassols, Lluís. _941982 |
|
| 852 |
_aES-MaACL _jC-48117 _bR.76638 |
||
| 999 |
_c98258 _d98258 |
||